Shepherd

Bibliographic Details
Main Author: Thompson, Julian F
Format: Book
Published: New York : Henry Holt and Company , 1993
Subjects:

MARC

LEADER 00000cam a2200000 7i4500
001 0000015827
005 20160330.0
008 080414
020 |a 080502106X 
090 0 0 |a THO   |b ENG (9179) 
100 1 |a Thompson, Julian F 
245 1 0 |a Shepherd   |c Julian F. Thompson 
260 |a New York :   |b Henry Holt and Company ,   |c 1993 
500 |a Teenager ages 13-18 years old (blue) 
650 0 |a High schools   |x Fiction 
650 0 |a Interpersonal relations   |x Fiction 
650 0 |a Schools   |x Fiction 
999 |a 0001018619   |b Book   |c Teenagers   |e Perbadanan Perpustakaan Awam Johor 
999 |a 0001018620   |b Book   |c Teenagers   |e Perbadanan Perpustakaan Awam Johor